000 00668nam a22001937a 4500
003 OSt
005 20251030013426.0
008 251030b |||||||| |||| 00| 0 eng d
020 _a978-621-00-0809-8
040 _aDWCL - Main Lib
_cOC
082 _aFil. 909 P187g 20190
100 _aPanganiban, Evangeline S.
245 _aGlobal Times Living History:
_bkasaysayan ng mundo /
_cEvangeline S. Panganiban
250 _aTeacher's wrap around Edition
260 _aQuezon City, Manila:
_bSibs Publishing ,
_cc2019.
300 _aii, 680Pages:
_bIllustration ;
_c25cm.
650 _aWorld History
942 _2ddc
_cBK - FIL
_eTeacher's wrap around Edition
_kFil.
_n0
999 _c5317
_d5317